LEADER 01044nam a22002651i 4500 001 991003553589707536 005 20030904074823.0 008 031111s1969 gw |||||||||||||||||ger 035 $ab1244229x-39ule_inst 035 $aARCHE-047558$9ExL 040 $aDip.to Lingue$bita$cA.t.i. Arché s.c.r.l. Pandora Sicilia s.r.l. 082 04$a943.086 100 1 $aKühnl, Reinhard$0416598 245 10$aDeutschland zwischen Demokratie und Faschismus :$bzur Problematik der bürgerlichen Gesellschaft seit 1918 /$cReinhard Kühnl 260 $aMünchen :$bHanser,$cc 1969 300 $a186 p. ;$c19 cm 440 0$aReihe Hanser ;$v14 650 4$aNazionalsocialismo 651 4$aGermania$xPolitica$y1918-1945 907 $a.b1244229x$b02-04-14$c13-11-03 912 $a991003553589707536 945 $aLE012 F.G. 505$g1$i2012000060432$lle012$o-$pE0.00$q-$rl$s- $t0$u0$v0$w0$x0$y.i12868607$z13-11-03 996 $aDeutschland zwischen Demokratie und Faschismus$9166282 997 $aUNISALENTO 998 $ale012$b13-11-03$cm$da $e-$fger$ggw $h0$i1 LEADER 01466nam0 22003011i 450 001 UON00074901 005 20231205102406.90 100 $a20020107d1964 |0itac50 ba 101 $aita$aPOR 102 $aIT 105 $a||||e ||||| 200 1 $aDizionario portoghese-italiano italiano-portoghese$elingua d'uso e letteraria, termini tecnici e scientifici, tavole di nomenclatura$fCarlo Parlagreco 210 $aMilano$cGarzanti$d1964 215 $a528 p.$d20 cm. 316 $aex inv. R 82937$5IT-UONSI CONSPEII H/001 316 $alocal. in sala di lettura$5IT-UONSI LESS*/050* 606 $aLINGUA PORTOGHESE$xDizionari italiani$3UONC022803$2FI 620 $aIT$dMilano$3UONL000005 676 $a469.351$cLingua portoghese - Dizionari italiani$v21 686 $aPE II H$cPAESI EXTRAASIATICI - PORTOGHESE - DIZIONARI$2A 700 1$aPARLAGRECO$bCarlo$3UONV049222$084545 712 $aGarzanti$3UONV245790$4650 801 $aIT$bSOL$c20240220$gRICA 912 $aUON00074901 950 $aSIBA - SISTEMA BIBLIOTECARIO DI ATENEO$dSI CONS PE II H 001 $eSI YAM233 7 001 ex inv. R 82937$sBuono 950 $aSIBA - SISTEMA BIBLIOTECARIO DI ATENEO$dSI LESS * 050* $eSI AA 16883 7 050* local. in sala di lettura 996 $aDizionario portoghese-italiano, italiano-portoghese$9495587 997 $aUNIOR